[Event "FLORIPA CHESS OPEN 2015"]
[Site "Florianopolis/SC"]
[Date "2015.01.17"]
[Round "8"]
[Board "15"]
[White "Silva, Lucas Henrique Da"]
[Black "Paniagua Chnelik, Sebastian"]
[Result "1-0"]
[WhiteElo "2096"]
[BlackElo "2197"]
[PlyCount "83"]
[EventDate "2015.01.14"]
[EventRounds "10"]
[EventCountry "BRA"]

1. d4 d5 2. Nf3 Nf6 3. Bf4 c5 4. e3 Nc6 5. Be2 Bg4 6. O-O e6 7. c3 Be7 8. Nbd2
O-O 9. h3 Bh5 10. Ne5 Bxe2 11. Qxe2 Qb6 12. Rab1 Rac8 13. Rfd1 a6 14. Qf3 Qd8
15. dxc5 Bxc5 16. e4 Be7 17. exd5 Nxd5 18. Nb3 Qc7 19. Rxd5 exd5 20. Ng6 Qd7
21. Nxf8 Rxf8 22. Rd1 Rd8 23. Rd3 Bf6 24. Qd1 h6 25. Bg3 d4 26. Nxd4 Bxd4 27.
cxd4 Nb4 28. Rd2 Qd5 29. a3 Nc6 30. Kh1 Re8 31. Rd3 Re4 32. Qb3 Qd7 33. d5 Ne7
34. f3 Re2 35. Bf4 Re1+ 36. Kh2 Nf5 37. Qc3 Re2 38. d6 Nh4 39. Rd2 Re1 40. Rc2
Re8 41. Qc7 Qf5 42. d7 1-0

[Event "FLORIPA CHESS OPEN 2015"]
[Site "Florianopolis/SC"]
[Date "2015.01.17"]
[Round "8"]
[Board "16"]
[White "Souza, Rafael Cabral De"]
[Black "Boff, Andre Ricardo"]
[Result "1-0"]
[WhiteElo "2173"]
[BlackElo "2000"]
[PlyCount "63"]
[EventDate "2015.01.14"]
[EventRounds "10"]
[EventCountry "BRA"]

1. e4 e6 2. d4 d5 3. e5 c5 4. c3 Qb6 5. Nf3 Bd7 6. a3 Bb5 7. c4 Bc6 8. Nc3 cxd4
9. Nxd4 dxc4 10. Bxc4 Qd8 11. O-O Bc5 12. Be3 Bxd4 13. Bxd4 Ne7 14. Qg4 h5 15.
Qf4 g5 16. Qf6 Rg8 17. Rad1 Nd7 18. Qh6 Nf5 19. Qh7 Kf8 20. Bc5+ Ne7 21. Qh6+
Rg7 22. Qh8+ Rg8 23. Qxh5 Qe8 24. Nb5 Bxb5 25. Bxb5 Rd8 26. Qh6+ Rg7 27. Rd3
Kg8 28. Rfd1 Nf5 29. Qh5 Rh7 30. Qxg5+ Rg7 31. Qf4 f6 32. exf6 1-0

[Event "FLORIPA CHESS OPEN 2015"]
[Site "Florianopolis/SC"]
[Date "2015.01.17"]
[Round "8"]
[Board "18"]
[White "Abrantes, Tiago Garrido"]
[Black "Casarin, Luis Marcio Pinhatti"]
[Result "1-0"]
[WhiteElo "2147"]
[BlackElo "1851"]
[PlyCount "63"]
[EventDate "2015.01.14"]
[EventRounds "10"]
[EventCountry "BRA"]

1. c4 Nf6 2. g3 c5 3. Bg2 e6 4. Nf3 Nc6 5. O-O Be7 6. d4 cxd4 7. Nxd4 Nxd4 8.
Qxd4 Qc7 9. Nc3 a6 10. b3 O-O 11. Bb2 Rb8 12. Rac1 b6 13. e4 d6 14. Rfd1 Bb7
15. h3 Rfd8 16. Qd3 Qc5 17. Ne2 Ba8 18. Nd4 Qh5 19. f4 d5 20. cxd5 exd5 21. e5
Ne4 22. g4 Qh4 23. Rc2 Rbc8 24. Nf5 Bc5+ 25. Kh1 Ng3+ 26. Qxg3 Qxg3 27. Nxg3
Be3 28. Rxc8 Rxc8 29. Nf5 Rc2 30. Nxe3 Rxb2 31. Rc1 Bb7 32. Bxd5 1-0

[Event "FLORIPA CHESS OPEN 2015"]
[Site "Florianopolis/SC"]
[Date "2015.01.17"]
[Round "8"]
[Board "19"]
[White "Zini, Jhone Marcelo"]
[Black "Cordeiro, Marco Aurelio Zaror"]
[Result "1-0"]
[WhiteElo "2082"]
[BlackElo "2238"]
[PlyCount "113"]
[EventDate "2015.01.14"]
[EventRounds "10"]
[EventCountry "BRA"]

1. d4 d5 2. Nf3 c5 3. e3 Nc6 4. c3 e6 5. Be2 Nf6 6. Nbd2 Be7 7. O-O O-O 8. b3
b6 9. Bb2 Bb7 10. Qc2 Rc8 11. Rac1 Qc7 12. Qb1 Rfd8 13. Rfd1 Bf8 14. c4 Qe7 15.
cxd5 exd5 16. Qf5 Qe6 17. Bd3 Rc7 18. Qf4 Bd6 19. Ne5 cxd4 20. exd4 Nxe5 21.
dxe5 Rxc1 22. Rxc1 Bb8 23. Bf5 Qe8 24. Qg5 h6 25. Qe3 d4 26. Bxd4 Nd5 27. Qf3
Bxe5 28. Bxe5 Qxe5 29. Nc4 Qf4 30. Rd1 Re8 31. Qxf4 Nxf4 32. f3 g6 33. Bc2 Re2
34. Rd2 b5 35. Rxe2 Nxe2+ 36. Kf2 Nd4 37. Ne3 f5 38. Bd3 Kf7 39. Nc2 Nxc2 40.
Bxc2 Ke6 41. Ke3 Kd5 42. g4 Bc8 43. gxf5 Bxf5 44. Bxf5 gxf5 45. Kf4 Ke6 46. b4
a6 47. h4 Kf6 48. Ke3 Kg6 49. Kf4 Kh5 50. Kxf5 Kxh4 51. Ke5 h5 52. f4 Kg3 53.
f5 h4 54. f6 h3 55. f7 h2 56. f8=Q h1=Q 57. Qf4+ 1-0

[Event "FLORIPA CHESS OPEN 2015"]
[Site "Florianopolis/SC"]
[Date "2015.01.17"]
[Round "8"]
[Board "20"]
[White "Barbosa, Evandro Amorim"]
[Black "Fonseca Rodrigues, Edson"]
[Result "1-0"]
[WhiteElo "2449"]
[BlackElo "2024"]
[PlyCount "59"]
[EventDate "2015.01.14"]
[EventRounds "10"]
[EventCountry "BRA"]

1. e4 Nf6 2. e5 Nd5 3. d4 d6 4. Nf3 g6 5. Bc4 Nb6 6. Bb3 d5 7. O-O Bg7 8. h3
O-O 9. Re1 h6 10. Bf4 e6 11. Qd2 Kh7 12. c3 N8d7 13. Qe3 Nc4 14. Bxc4 dxc4 15.
Na3 Nb6 16. Qe2 Qd5 17. Nd2 Na4 18. Naxc4 b5 19. Ne3 Qc6 20. Rab1 Bb7 21. Qg4
Nxb2 22. Rxb2 Qxc3 23. Rc2 Qxd4 24. Nb3 Qb6 25. Qh4 f5 26. exf6 Rxf6 27. Bxh6
Kg8 28. Bxg7 Kxg7 29. Ng4 Rh8 30. Qxf6+ 1-0

[Event "FLORIPA CHESS OPEN 2015"]
[Site "Florianopolis/SC"]
[Date "2015.01.17"]
[Round "8"]
[Board "21"]
[White "Hirota Da Silva, Nilton"]
[Black "Pires, Marcos Vinicius Torsani"]
[Result "0-1"]
[WhiteElo "2019"]
[BlackElo "2274"]
[PlyCount "104"]
[EventDate "2015.01.14"]
[EventRounds "10"]
[EventCountry "BRA"]

1. Nf3 d5 2. d4 Nf6 3. g3 Bf5 4. Bg2 e6 5. O-O Be7 6. c4 c6 7. cxd5 exd5 8. Nc3
O-O 9. Bg5 Nbd7 10. Qb3 Qb6 11. Qxb6 axb6 12. Ne5 Rfe8 13. Nxd7 Nxd7 14. Bxe7
Rxe7 15. e3 b5 16. Rfc1 Nb6 17. Kf1 Ree8 18. Nd1 Ra4 19. f3 Rea8 20. e4 Be6 21.
exd5 Nxd5 22. a3 b4 23. f4 f6 24. Bxd5 Bxd5 25. Ne3 bxa3 26. Rxa3 Rxa3 27. bxa3
Be4 28. Rc3 Rd8 29. Rb3 b5 30. Rb4 Ra8 31. Kf2 Rxa3 32. d5 Ra2+ 33. Kg1 Ra4 34.
Rb2 cxd5 35. Rxb5 d4 36. Nd5 Ra1+ 37. Kf2 Ra2+ 38. Ke1 Rxh2 39. f5 Bxd5 40.
Rxd5 Rg2 41. Rd8+ Kf7 42. Rd7+ Kf8 43. Rxd4 Rxg3 44. Kf2 Rg5 45. Rf4 Ke7 46.
Kf3 Kd6 47. Ke4 h5 48. Rh4 Rg4+ 49. Rxg4 hxg4 50. Kf4 Kd5 51. Kg3 Ke5 52. Kxg4
Ke4 0-1

[Event "FLORIPA CHESS OPEN 2015"]
[Site "Florianopolis/SC"]
[Date "2015.01.17"]
[Round "8"]
[Board "22"]
[White "Villalba, Marcelo"]
[Black "Alboredo, Julia"]
[Result "1-0"]
[WhiteElo "2201"]
[BlackElo "1995"]
[PlyCount "55"]
[EventDate "2015.01.14"]
[EventRounds "10"]
[EventCountry "BRA"]

1. e4 c5 2. Nf3 Nc6 3. d4 cxd4 4. Nxd4 Nf6 5. Nc3 e5 6. Ndb5 d6 7. Bg5 a6 8.
Na3 b5 9. Nd5 Be7 10. Bxf6 Bxf6 11. c4 Bg5 12. Be2 Qa5+ 13. Kf1 O-O 14. h4 Bh6
15. g4 f6 16. cxb5 axb5 17. Nxb5 Bxg4 18. Ndc7 Bxe2+ 19. Qxe2 Qb4 20. Nxa8 Rxa8
21. Rh3 Ra4 22. Rc3 Ne7 23. b3 Ra5 24. Qc4+ Qxc4+ 25. bxc4 d5 26. exd5 Nxd5 27.
cxd5 Rxb5 28. Rd1 1-0

[Event "FLORIPA CHESS OPEN 2015"]
[Site "Florianopolis/SC"]
[Date "2015.01.17"]
[Round "8"]
[Board "23"]
[White "Lopes, Marcelo Ferreira"]
[Black "Born, Carlos Rodrigo"]
[Result "0-1"]
[WhiteElo "2002"]
[BlackElo "2199"]
[PlyCount "100"]
[EventDate "2015.01.14"]
[EventRounds "10"]
[EventCountry "BRA"]

1. e4 c5 2. Nf3 d6 3. Bb5+ Bd7 4. Bxd7+ Qxd7 5. O-O Nc6 6. c3 e6 7. d4 Nf6 8.
Qe2 cxd4 9. cxd4 d5 10. e5 Ng8 11. Nc3 Nge7 12. Be3 Nf5 13. Rad1 h5 14. Ne1 Be7
15. Nc2 g5 16. Rb1 Rc8 17. Qd2 Rg8 18. Ne2 h4 19. b4 Qd8 20. Rfc1 Nb8 21. Ne1
Nd7 22. Rxc8 Qxc8 23. Rc1 Qb8 24. Nd3 Nb6 25. Nb2 g4 26. g3 Kd7 27. a4 Rc8 28.
a5 Rxc1+ 29. Qxc1 Na8 30. Nd3 b6 31. b5 Qc7 32. axb6 Qxc1+ 33. Ndxc1 axb6 34.
Nd3 Nc7 35. Nc3 hxg3 36. hxg3 Bf8 37. Kf1 Bg7 38. Nb4 f6 39. exf6 Bxf6 40. Nc2
Ne8 41. Na4 Bd8 42. Ke2 Ned6 43. Nc3 Bf6 44. Kd3 Nc4 45. Bf4 Nb2+ 46. Kd2 Nxd4
47. Nxd4 Bxd4 48. Kc2 Nc4 49. Kb3 Bxf2 50. Nd1 Bd4 0-1

[Event "FLORIPA CHESS OPEN 2015"]
[Site "Florianopolis/SC"]
[Date "2015.01.17"]
[Round "8"]
[Board "24"]
[White "Crespo De Oliveira, Lucas"]
[Black "Goncalves, Davi Sulzbacher"]
[Result "1/2-1/2"]
[WhiteElo "2194"]
[BlackElo "1983"]
[PlyCount "35"]
[EventDate "2015.01.14"]
[EventRounds "10"]
[EventCountry "BRA"]

1. e4 c5 2. Nf3 Nc6 3. Nc3 g6 4. d4 cxd4 5. Nxd4 Bg7 6. Be3 Nf6 7. Bc4 O-O 8.
Bb3 d6 9. f3 Bd7 10. h4 Qa5 11. Qd2 Rfc8 12. O-O-O Ne5 13. h5 Nxh5 14. Nd5
Qxd2+ 15. Rxd2 Kf8 16. g4 Nf6 17. Nxf6 Bxf6 18. Rxh7 1/2-1/2

[Event "FLORIPA CHESS OPEN 2015"]
[Site "Florianopolis/SC"]
[Date "2015.01.17"]
[Round "8"]
[Board "25"]
[White "Madeira, Wagner Martins"]
[Black "De Carvalho, Christopher"]
[Result "1/2-1/2"]
[WhiteElo "2191"]
[BlackElo "1965"]
[PlyCount "77"]
[EventDate "2015.01.14"]
[EventRounds "10"]
[EventCountry "BRA"]

1. e4 d6 2. d4 Nf6 3. Nc3 e5 4. Nf3 Nbd7 5. Be2 Be7 6. O-O O-O 7. Re1 c6 8. Bf1
Qc7 9. h3 a6 10. a4 b6 11. Nh4 Re8 12. Nf5 Bf8 13. dxe5 dxe5 14. Qf3 Nc5 15.
Bg5 Bxf5 16. Qxf5 Be7 17. Be3 b5 18. Bd3 Nxd3 19. cxd3 b4 20. Ne2 c5 21. Nc1
Red8 22. Rd1 c4 23. d4 c3 24. bxc3 Qxc3 25. Ne2 Qc2 26. Ng3 exd4 27. Bxd4 b3
28. e5 Bc5 29. Rac1 Qxf5 30. Nxf5 Bxd4 31. Rxd4 Ne8 32. Rb1 g6 33. Ne7+ Kf8 34.
Nc6 Rdc8 35. Rc4 Rab8 36. Nxb8 Rxc4 37. Nxa6 Rxa4 38. Nc5 Ra5 39. Nxb3 1/2-1/2

[Event "FLORIPA CHESS OPEN 2015"]
[Site "Florianopolis/SC"]
[Date "2015.01.17"]
[Round "8"]
[Board "26"]
[White "Faig, Cristian"]
[Black "Da Cruz, Karoliny Taiane"]
[Result "1-0"]
[WhiteElo "2176"]
[BlackElo "1798"]
[PlyCount "87"]
[EventDate "2015.01.14"]
[EventRounds "10"]
[EventCountry "BRA"]

1. c4 e5 2. Nc3 Nf6 3. g3 Nc6 4. Bg2 Be7 5. Nf3 d6 6. d3 O-O 7. Rb1 a5 8. O-O
Bg4 9. a3 d5 10. Bg5 dxc4 11. dxc4 h6 12. Bxf6 Bxf6 13. Qb3 Qc8 14. Nd5 Bf5 15.
e3 a4 16. Qc3 Re8 17. Nd2 Na5 18. c5 Ra6 19. Rfc1 Nc6 20. b3 axb3 21. Rxb3 Be6
22. h4 Bxd5 23. Bxd5 Be7 24. Rcb1 Qd7 25. Bg2 Na5 26. Rb5 Rea8 27. R1b2 c6 28.
R5b4 Bf6 29. Ne4 Qe6 30. Kh2 Be7 31. Rd2 f6 32. Bh3 Qf7 33. Rd7 Qe8 34. Rb1 Rd8
35. Rbd1 Rxd7 36. Rxd7 Qf8 37. Be6+ Kh8 38. Qd2 Ra8 39. Nd6 Bxd6 40. cxd6 c5
41. Rc7 Nc6 42. d7 Rxa3 43. Rxc6 Ra8 44. Rc8 1-0

[Event "FLORIPA CHESS OPEN 2015"]
[Site "Florianopolis/SC"]
[Date "2015.01.17"]
[Round "8"]
[Board "27"]
[White "Salama, Andre Sasson"]
[Black "Gotz, Klaus Seiji Furucho"]
[Result "0-1"]
[WhiteElo "1997"]
[BlackElo "2143"]
[PlyCount "64"]
[EventDate "2015.01.14"]
[EventRounds "10"]
[EventCountry "BRA"]

1. e4 c5 2. Nf3 g6 3. g3 Bg7 4. Bg2 Nc6 5. O-O e5 6. d3 Nge7 7. c3 O-O 8. Be3
d6 9. d4 exd4 10. cxd4 Bg4 11. dxc5 Bxb2 12. Nbd2 Bxa1 13. Qxa1 f6 14. Qb2 dxc5
15. Qxb7 Qb6 16. Rb1 Qxb7 17. Rxb7 Rab8 18. Rxb8 Rxb8 19. Bxc5 Rb2 20. Bf1 Be6
21. a4 Rc2 22. Be3 Kf7 23. Kg2 Nc8 24. Bb5 Nb6 25. Ne1 Rc1 26. Nd3 Rc3 27. Nb1
Rc2 28. Na3 Ra2 29. Bc5 Na5 30. Kf3 Nb3 31. Bb4 a5 32. Bd6 Nc8 0-1

[Event "FLORIPA CHESS OPEN 2015"]
[Site "Florianopolis/SC"]
[Date "2015.01.17"]
[Round "8"]
[Board "28"]
[White "Borges, Victor Hugo Moreira"]
[Black "Bernardes, Arthur Feliphe Stru"]
[Result "1-0"]
[WhiteElo "2143"]
[BlackElo "1694"]
[PlyCount "61"]
[EventDate "2015.01.14"]
[EventRounds "10"]
[EventCountry "BRA"]

1. d4 Nf6 2. c4 e5 3. dxe5 Ng4 4. Bf4 g5 5. Bg3 Nc6 6. Nf3 Bg7 7. Nc3 Ngxe5 8.
e3 d6 9. h4 g4 10. Nd2 Be6 11. Be2 a5 12. a3 O-O 13. Rc1 Qd7 14. h5 f5 15. h6
Bf6 16. Nd5 Bg5 17. Nb1 Ne7 18. Rh5 Bf6 19. Nbc3 Rac8 20. Qd2 Qe8 21. Rh1 N7g6
22. Nxf6+ Rxf6 23. Nd5 Rf8 24. Kf1 c6 25. Nf4 Rd8 26. Qxa5 Qf7 27. Qc3 Rd7 28.
Nh5 Rdd8 29. c5 Bd5 30. cxd6 Qe6 31. Nf4 1-0

[Event "FLORIPA CHESS OPEN 2015"]
[Site "Florianopolis/SC"]
[Date "2015.01.17"]
[Round "8"]
[Board "29"]
[White "Rapouso, Ricardo Luis Borba"]
[Black "Starke, Bruno Orlando"]
[Result "0-1"]
[WhiteElo "1922"]
[BlackElo "2103"]
[PlyCount "68"]
[EventDate "2015.01.14"]
[EventRounds "10"]
[EventCountry "BRA"]

1. d4 d6 2. Nf3 Nd7 3. e4 e5 4. Bc4 Be7 5. O-O Ngf6 6. Bxf7+ Kxf7 7. Ng5+ Kg6
8. f4 exf4 9. Ne6 Qg8 10. Nxc7 Rb8 11. Qd3 Nb6 12. d5 Kf7 13. Bxf4 Qd8 14. Nb5
a6 15. Nd4 Qc7 16. Nd2 Re8 17. N2f3 Qc4 18. Qd1 Kg8 19. Ng5 Bg4 20. Qd2 h6 21.
b3 Qc5 22. b4 Qc4 23. Nge6 Bxe6 24. dxe6 Nxe4 25. Qe3 Bf6 26. Rad1 Nc3 27. Nf5
Nbd5 28. Rxd5 Nxd5 29. Qg3 Nxf4 30. Rxf4 Qxe6 31. Nxh6+ Kh7 32. Qd3+ Kxh6 33.
Kf2 Qe1+ 34. Kf3 Re3+ 0-1

[Event "FLORIPA CHESS OPEN 2015"]
[Site "Florianopolis/SC"]
[Date "2015.01.17"]
[Round "8"]
[Board "30"]
[White "Goncalves, Ruan Lucas Alves"]
[Black "Prol Medeiros, Horacio"]
[Result "1-0"]
[WhiteElo "1919"]
[BlackElo "2085"]
[PlyCount "77"]
[EventDate "2015.01.14"]
[EventRounds "10"]
[EventCountry "BRA"]

1. e4 e5 2. Nf3 Nc6 3. Bb5 Bc5 4. c3 f5 5. Bxc6 dxc6 6. Nxe5 Qh4 7. O-O fxe4 8.
d4 Bd6 9. f4 Be6 10. f5 Bd5 11. Bf4 O-O-O 12. Qa4 Kb8 13. c4 Bxe5 14. Bxe5 e3
15. g3 Qe4 16. cxd5 e2 17. Re1 Qe3+ 18. Kg2 Qe4+ 19. Kf2 Nh6 20. Rxe2 Ng4+ 21.
Ke1 Qh1+ 22. Kd2 Rhe8 23. Qd1 Qxd5 24. Nc3 Qf3 25. Bxc7+ Kxc7 26. Re7+ Rxe7 27.
Qxf3 Rxd4+ 28. Kc2 Re3 29. Qh1 Red3 30. Kb3 Ne3 31. Re1 Nc4 32. Rd1 b5 33. Rxd3
Rxd3 34. Qe1 a5 35. Kc2 Re3 36. Qf2 b4 37. Qf4+ Kb7 38. Qxc4 bxc3 39. bxc3 1-0

[Event "FLORIPA CHESS OPEN 2015"]
[Site "Florianopolis/SC"]
[Date "2015.01.17"]
[Round "8"]
[Board "31"]
[White "Luz, Arthur Nader"]
[Black "Lorenzon, Eduardo Lucas"]
[Result "1-0"]
[WhiteElo "2041"]
[BlackElo "1830"]
[PlyCount "77"]
[EventDate "2015.01.14"]
[EventRounds "10"]
[EventCountry "BRA"]

1. d4 d6 2. e4 Nf6 3. f3 c6 4. c4 g6 5. Be3 Bg7 6. Ne2 O-O 7. Qd2 Re8 8. Nbc3
e5 9. d5 cxd5 10. cxd5 b6 11. g4 Ba6 12. Ng3 Bxf1 13. Kxf1 Nfd7 14. Rc1 Na6 15.
Nb5 Nf8 16. Rc6 Qe7 17. Nxd6 Red8 18. Nb5 Ne6 19. Kf2 Nf4 20. h4 Nb4 21. Rc7
Nbd3+ 22. Kf1 Qe8 23. Nc3 Rdc8 24. Rxc8 Rxc8 25. Nge2 Nxe2 26. Qxe2 Nf4 27. Qd2
b5 28. Ne2 b4 29. Nxf4 exf4 30. Bxf4 f5 31. gxf5 gxf5 32. Rg1 Kh8 33. Be3 Qh5
34. Qg2 Be5 35. Bf4 fxe4 36. Qg4 Rc1+ 37. Bxc1 Qe8 38. Bh6 Qb5+ 39. Ke1 1-0

[Event "FLORIPA CHESS OPEN 2015"]
[Site "Florianopolis/SC"]
[Date "2015.01.17"]
[Round "8"]
[Board "32"]
[White "Souza, Gustavo Horokoski De"]
[Black "De Haro, Martim Afonso Palma"]
[Result "0-1"]
[WhiteElo "1903"]
[BlackElo "2036"]
[PlyCount "28"]
[EventDate "2015.01.14"]
[EventRounds "10"]
[EventCountry "BRA"]

1. e4 c5 2. Nf3 Nc6 3. Bc4 e6 4. c3 d5 5. exd5 exd5 6. Bb5 Bd6 7. O-O Nf6 8.
Re1+ Be6 9. Ng5 O-O 10. d4 Bg4 11. Be2 Re8 12. Nf3 Bxf3 13. gxf3 cxd4 14. cxd4
Nh5 0-1

[Event "FLORIPA CHESS OPEN 2015"]
[Site "Florianopolis/SC"]
[Date "2015.01.17"]
[Round "8"]
[Board "33"]
[White "Ikeda, Vinicius Yasuto"]
[Black "Lazzarotto, Marcio"]
[Result "1/2-1/2"]
[WhiteElo "1862"]
[BlackElo "2035"]
[PlyCount "72"]
[EventDate "2015.01.14"]
[EventRounds "10"]
[EventCountry "BRA"]

1. d4 d5 2. Nf3 Nf6 3. e3 Nbd7 4. c4 e6 5. Nc3 c5 6. Bd3 dxc4 7. Bxc4 a6 8. a4
Qc7 9. Ba2 Be7 10. O-O O-O 11. Qe2 b6 12. Bd2 Bb7 13. Rac1 Ng4 14. d5 exd5 15.
Nxd5 Bxd5 16. Bxd5 Rad8 17. Bc4 Nde5 18. Nxe5 Qxe5 19. f4 Qxb2 20. Rfd1 Nf6 21.
Rb1 Qc2 22. Rxb6 Ne4 23. Bb3 Rxd2 24. Bxc2 Rxe2 25. Bxe4 Rxe3 26. Bf3 Re6 27.
Rb7 Bf6 28. Rdd7 Re1+ 29. Kf2 Ra1 30. Bd1 Bd4+ 31. Ke2 Ra2+ 32. Kf3 Ra3+ 33.
Kg4 f5+ 34. Kh5 Bf6 35. Rdc7 Rc3 36. Ra7 c4 1/2-1/2

[Event "FLORIPA CHESS OPEN 2015"]
[Site "Florianopolis/SC"]
[Date "2015.01.17"]
[Round "8"]
[Board "34"]
[White "Albuquerque Junior, Wellington"]
[Black "Nunes Jr, Sidney"]
[Result "0-1"]
[WhiteElo "2109"]
[BlackElo "2034"]
[PlyCount "114"]
[EventDate "2015.01.14"]
[EventRounds "10"]
[EventCountry "BRA"]

1. c4 Nf6 2. g3 g6 3. Bg2 Bg7 4. Nc3 d6 5. e4 e5 6. Nge2 c5 7. Rb1 Nc6 8. d3
Nd4 9. Nxd4 exd4 10. Nb5 a6 11. Na3 h5 12. h4 Ng4 13. O-O O-O 14. b4 Ne5 15.
Nc2 Rb8 16. f4 Bg4 17. Qd2 Nc6 18. bxc5 dxc5 19. Ba3 b6 20. Kh2 a5 21. Rb3 Bh6
22. Qf2 Qc7 23. Bc1 f6 24. Bd2 g5 25. Na3 gxh4 26. gxh4 Nb4 27. Nb5 Qe7 28. a3
a4 29. Rxb4 cxb4 30. Bxb4 Qd7 31. Bxf8 Bxf8 32. Bf3 f5 33. e5 Bc5 34. Bd5+ Kh7
35. Qc2 Qe7 36. Kg3 Qg7 37. Kf2 Qh6 38. Ke1 Bh3 39. Rh1 Bg4 40. Rf1 Rc8 41.
Qxa4 Re8 42. Qa7+ Re7 43. Qb8 Qg6 44. Qd8 Bh3 45. Rf2 Qg3 46. Nxd4 Qe3+ 47. Kd1
Qxd3+ 48. Rd2 Qb1+ 49. Ke2 Qf1+ 50. Ke3 Rg7 51. Bf3 Qe1+ 52. Kd3 Bf1+ 53. Kc2
Bxa3 54. Nb3 Bxc4 55. Rd7 Bxb3+ 56. Kxb3 Qb4+ 57. Kc2 Qa4+ 0-1

[Event "FLORIPA CHESS OPEN 2015"]
[Site "Florianopolis/SC"]
[Date "2015.01.17"]
[Round "8"]
[Board "35"]
[White "Cordioli, Jairo Ribeiro"]
[Black "Matsuura, Frederico"]
[Result "0-1"]
[WhiteElo "1921"]
[BlackElo "2289"]
[PlyCount "105"]
[EventDate "2015.01.14"]
[EventRounds "10"]
[EventCountry "BRA"]

1. d4 e6 2. c4 f5 3. g3 Nf6 4. Bg2 d5 5. Nf3 c6 6. cxd5 exd5 7. O-O Bd6 8. Nc3
O-O 9. Ne5 Qe7 10. Bf4 Ne4 11. f3 Nxc3 12. bxc3 Nd7 13. Nxd7 Bxf4 14. Nxf8 Be3+
15. Kh1 f4 16. g4 Kxf8 17. c4 dxc4 18. Qc2 Bxd4 19. Rad1 c5 20. Qxc4 Be6 21.
Qd3 Bxa2 22. Qxh7 a5 23. Qc2 Qf7 24. Rxd4 cxd4 25. Qc5+ Kg8 26. Qxd4 Qc4 27.
Qd2 a4 28. e3 a3 29. Rc1 Qd5 30. Qe1 Bc4 31. e4 Qe6 32. Bf1 Bxf1 33. Qxf1 a2
34. Ra1 Qb3 35. g5 Qb2 36. g6 b5 37. Qd1 Kh8 38. e5 b4 39. e6 b3 40. e7 Qf6 41.
Qd5 Qxa1+ 42. Kg2 Qf1+ 43. Kxf1 a1=Q+ 44. Kg2 Ra2+ 45. Kh3 Qf1+ 46. Kg4 Qg2+
47. Kf5 Qh3+ 48. Ke4 Ra4+ 49. Kd3 Qf1+ 50. Kc3 Qa1+ 51. Kxb3 Qa2+ 52. Kc3 Ra3+
53. Kd4 0-1

[Event "FLORIPA CHESS OPEN 2015"]
[Site "Florianopolis/SC"]
[Date "2015.01.17"]
[Round "8"]
[Board "36"]
[White "Sztokbant, Bernardo Vainzoff"]
[Black "Bianchi, Willian Domingues"]
[Result "1-0"]
[WhiteElo "2278"]
[BlackElo "1914"]
[PlyCount "149"]
[EventDate "2015.01.14"]
[EventRounds "10"]
[EventCountry "BRA"]

1. e4 Nf6 2. e5 Nd5 3. d4 d6 4. Nf3 Nb6 5. Be2 g6 6. O-O Bg7 7. c4 O-O 8. exd6
cxd6 9. h3 Nc6 10. Be3 d5 11. c5 Nd7 12. Nc3 Nxc5 13. dxc5 d4 14. Nxd4 Bxd4 15.
Bxd4 Qxd4 16. Qxd4 Nxd4 17. Bc4 Be6 18. Bxe6 Nxe6 19. b4 Rfc8 20. Rad1 Kf8 21.
Nd5 Nc7 22. Nc3 Ne6 23. Na4 Rd8 24. Rfe1 Ke8 25. Kf1 Rxd1 26. Rxd1 Rd8 27.
Rxd8+ Kxd8 28. Nb2 Kc7 29. Nc4 f6 30. Ke2 b6 31. cxb6+ axb6 32. g3 Kc6 33. Kd3
Kb5 34. h4 Nc7 35. a3 Kc6 36. Ne3 b5 37. Ke4 Ne8 38. g4 Nd6+ 39. Kd3 e5 40. f3
f5 41. gxf5 gxf5 42. h5 h6 43. Kc3 f4 44. Ng4 e4 45. Nxh6 exf3 46. Ng4 Ne4+ 47.
Kd4 f2 48. Nxf2 Ng3 49. h6 Nf5+ 50. Ke4 Nxh6 51. Nd3 Nf7 52. Nxf4 Nd6+ 53. Kd4
Nc4 54. a4 Nd6 55. a5 Nf5+ 56. Ke4 Nd6+ 57. Ke5 Nc4+ 58. Kd4 Nd6 59. Nd3 Nf5+
60. Ke4 Nd6+ 61. Ke5 Nc4+ 62. Kd4 Nd2 63. Ne5+ Kb7 64. Kc5 Ka6 65. Nc6 Ne4+ 66.
Kd5 Nc3+ 67. Kd4 Na4 68. Ne5 Kb7 69. Nd3 Kc6 70. Ne5+ Kb7 71. Kd5 Ka6 72. Nd3
Nc3+ 73. Kc6 Ka7 74. Nf4 Ka8 75. Nd5 1-0

[Event "FLORIPA CHESS OPEN 2015"]
[Site "Florianopolis/SC"]
[Date "2015.01.17"]
[Round "8"]
[Board "37"]
[White "Okawati, Gabriel Akira"]
[Black "Bueno, Alfeu Junior Varela"]
[Result "0-1"]
[WhiteElo "1920"]
[BlackElo "2251"]
[PlyCount "96"]
[EventDate "2015.01.14"]
[EventRounds "10"]
[EventCountry "BRA"]

1. e4 e6 2. d4 d5 3. exd5 exd5 4. Bd3 Nc6 5. c3 Bd6 6. Qf3 Be6 7. Ne2 Qd7 8.
Bf4 Bxf4 9. Nxf4 O-O-O 10. h3 Bf5 11. O-O Nf6 12. Nxd5 Bxd3 13. Nxf6 Qf5 14.
Qxf5+ Bxf5 15. Nh5 g5 16. Nd2 Bg6 17. Nf6 Ne5 18. Nfe4 Nd3 19. b3 h6 20. Nf6
Rd6 21. Nde4 Re6 22. f3 c6 23. g3 h5 24. Rad1 h4 25. Rxd3 Rxf6 26. Nxf6 Bxd3
27. Re1 Kd8 28. g4 a5 29. Re5 a4 30. Rxg5 Ke7 31. Rg8 Rxg8 32. Nxg8+ Kf8 33.
Nh6 a3 34. Nf5 Bb1 35. Ne3 b5 36. b4 f5 37. gxf5 Kf7 38. Kf2 Kf6 39. f4 Kf7 40.
Kf3 Bxa2 41. Nc2 Bd5+ 42. Kg4 a2 43. Kxh4 Kf6 44. Kg4 Be4 45. Na1 Bxf5+ 46. Kf3
Ke6 47. Ke3 Kd5 48. Nb3 Kc4 0-1

[Event "FLORIPA CHESS OPEN 2015"]
[Site "Florianopolis/SC"]
[Date "2015.01.17"]
[Round "8"]
[Board "38"]
[White "Assumpcao, Roberto"]
[Black "Fuck, Vinicius Rios"]
[Result "1-0"]
[WhiteElo "2232"]
[BlackElo "1887"]
[PlyCount "93"]
[EventDate "2015.01.14"]
[EventRounds "10"]
[EventCountry "BRA"]

1. e4 e5 2. Nf3 Nc6 3. Bb5 a6 4. Ba4 Nf6 5. d3 b5 6. Bb3 Be7 7. c3 d5 8. Nbd2
Bg4 9. Qe2 O-O 10. h3 Bh5 11. g4 dxe4 12. dxe4 Bg6 13. Nh4 Na5 14. Bc2 c5 15.
Nf5 b4 16. Nf1 Bxf5 17. gxf5 Qb6 18. h4 b3 19. axb3 Nxb3 20. Bxb3 Qxb3 21. Rg1
Rfd8 22. Bh6 Bf8 23. Ne3 Rd6 24. Nc4 Rd7 25. Bg5 Ne8 26. Nxe5 Rb7 27. Nc4 f6
28. Bf4 a5 29. h5 a4 30. Ra3 Qb5 31. h6 Rd8 32. Bc1 Rbd7 33. Ne3 c4 34. Kf1
Bxa3 35. bxa3 Rd3 36. hxg7 Rxc3 37. Bb2 Rb3 38. Ng4 Nxg7 39. Nxf6+ Kh8 40. Rh1
Nh5 41. Qxh5 c3+ 42. Ke1 Rd1+ 43. Qxd1 Kg7 44. Rxh7+ Kxf6 45. Qd4+ Kg5 46. Bc1+
Kg4 47. Qd1+ 1-0

[Event "FLORIPA CHESS OPEN 2015"]
[Site "Florianopolis/SC"]
[Date "2015.01.17"]
[Round "8"]
[Board "39"]
[White "De Carvalho, Igor Lorenzon"]
[Black "Dias, Anderson Tatsch"]
[Result "0-1"]
[WhiteElo "1887"]
[BlackElo "2212"]
[PlyCount "134"]
[EventDate "2015.01.14"]
[EventRounds "10"]
[EventCountry "BRA"]

1. d4 Nf6 2. Nf3 e6 3. c4 b6 4. a3 Bb7 5. Nc3 Be7 6. d5 d6 7. e4 e5 8. Bd3 Nbd7
9. O-O Nf8 10. Re1 Ng6 11. Qa4+ Nd7 12. Bf1 O-O 13. Bd2 Nh4 14. Nxh4 Bxh4 15.
g3 Nc5 16. Qd1 Bg5 17. Bxg5 Qxg5 18. b4 Nd7 19. Qc1 Qh5 20. Qd1 Qg5 21. Qc1 Qe7
22. Nb5 a6 23. Nc3 Rae8 24. Ra2 Bc8 25. Bh3 Nf6 26. Bg2 Bd7 27. Qd1 Ng4 28. h3
Nh6 29. Qe2 Ra8 30. Kh2 Rfe8 31. Qf1 f5 32. f3 Qf6 33. Qe2 Nf7 34. c5 dxc5 35.
bxc5 bxc5 36. Qc4 f4 37. g4 Qh4 38. Qe2 Bxg4 39. Qf2 Qxf2 40. Rxf2 Bd7 41. Rb2
Nd6 42. Bf1 Reb8 43. Reb1 Rxb2+ 44. Rxb2 Kf7 45. h4 Ke7 46. Bh3 Bb5 47. a4 Bd3
48. Be6 Ra7 49. Rd2 c4 50. Rb2 Rb7 51. Rxb7 Nxb7 52. Bf5 g6 53. Bc8 Nc5 54. a5
Kd8 55. Bh3 Nb7 56. Kg1 Nxa5 57. Kf2 Nb3 58. Ke1 Ke7 59. Bc8 a5 60. Nb5 Kd8 61.
Bh3 Nd4 62. Nxd4 exd4 63. Kd2 a4 64. Kc1 c3 65. d6 cxd6 66. Be6 Kc7 67. Bg8 a3
 0-1